[Event "Millenium"]
[Site "Quebec CAN"]
[Date "2016.10.31"]
[Round "1"]
[White "Beauchesne, Jonathan"]
[Black "Tremblay, Rejean"]
[Result "0-1"]
[WhiteElo "1840"]
[BlackElo "2240"]
[PlyCount "62"]
[EventDate "2016.10.31"]
[EventType "swiss"]
[EventRounds "5"]
[EventCountry "CAN"]

1. e4 c5 2. d3 Nc6 3. g3 g6 4. Bg2 Bg7 5. c3 d6 6. Nf3 Nf6 7. O-O O-O 8. a4 Rb8
9. Nbd2 e5 10. Nc4 Re8 11. h4 b6 12. Ne3 Ne7 13. Nh2 d5 14. Neg4 Nxg4 15. Nxg4
dxe4 16. Nh6+ Bxh6 17. Bxh6 exd3 18. h5 Nf5 19. Bd2 Bb7 20. hxg6 hxg6 21. Qb3
Bxg2 22. Kxg2 Qd7 23. Qc4 Qc6+ 24. Kh3 Kg7 25. f3 e4 26. fxe4 Rxe4 27. Bh6+
Nxh6 28. Qxd3 Rh8 29. Rf3 Ng4+ 30. Kg2 Re3 31. Qf1 Rh2+ 0-1

[Event "Millenium"]
[Site "Quebec CAN"]
[Date "2016.10.31"]
[Round "1"]
[White "Boissinot, Claude"]
[Black "Glode, Martin"]
[Result "0-1"]
[WhiteElo "1507"]
[BlackElo "1872"]
[PlyCount "36"]
[EventDate "2016.10.31"]
[EventType "swiss"]
[EventRounds "5"]
[EventCountry "CAN"]

1. e4 Nf6 2. Nc3 d5 3. e5 Nfd7 4. f4 e6 5. d4 c5 6. Nf3 Nc6 7. f5 cxd4 8. fxe6
fxe6 9. Nxd4 Qh4+ 10. g3 Qxd4 11. Qh5+ g6 12. Qh3 Ndxe5 13. Bg2 Bb4 14. Bd2 Nc4
15. O-O-O Qb6 16. Rhe1 O-O 17. Rxe6 Ba3 18. Na4 Bxb2+ 0-1

[Event "Millenium"]
[Site "Quebec CAN"]
[Date "2016.10.31"]
[Round "1"]
[White "Boulianne, Gabriel"]
[Black "Pouliot, Lewis"]
[Result "1-0"]
[WhiteElo "1862"]
[BlackElo "1463"]
[PlyCount "37"]
[EventDate "2016.10.31"]
[EventType "swiss"]
[EventRounds "5"]
[EventCountry "CAN"]

1. e4 e5 2. Nf3 Nc6 3. Bc4 Bc5 4. O-O d6 5. d3 h6 6. c3 Na5 7. Bxf7+ Kxf7 8. b4
Bxb4 9. cxb4 Nc6 10. Nc3 Be6 11. d4 Bc4 12. Re1 exd4 13. Nxd4 Nxb4 14. e5 Nd3
15. e6+ Ke7 16. Nf5+ Kf6 17. Nd5+ Kxf5 18. Qh5+ g5 19. g4# 1-0

[Event "Millenium"]
[Site "Quebec CAN"]
[Date "2016.10.31"]
[Round "1"]
[White "Lapointe, Daniel"]
[Black "Bluteau, Yvon"]
[Result "0-1"]
[WhiteElo "1616"]
[BlackElo "1904"]
[PlyCount "58"]
[EventDate "2016.10.31"]
[EventType "swiss"]
[EventRounds "5"]
[EventCountry "CAN"]

1. d4 d5 2. Bf4 Nf6 3. e3 c6 4. Nf3 Qb6 5. Qc1 h6 6. Bd3 Na6 7. c3 g5 8. Bg3
Ne4 9. Nbd2 Nxg3 10. hxg3 Bg7 11. Qc2 c5 12. Ne5 Bxe5 13. dxe5 Be6 14. Nf3
O-O-O 15. Bf5 Kb8 16. O-O-O Rc8 17. Bxe6 Qxe6 18. Qd3 Rhd8 19. Kb1 g4 20. Nd2
d4 21. f4 dxc3 22. Qxc3 Nb4 23. b3 Rd3 24. Qc4 Qd7 25. a3 Rxd2 26. Rxd2 Qxd2
27. axb4 cxb4 28. Qe4 Rc3 29. Qxb4 Rc1+ 0-1

[Event "Millenium"]
[Site "Quebec CAN"]
[Date "2016.10.31"]
[Round "1"]
[White "Leblanc-Legault, Mathieu"]
[Black "Cossette, Daniel"]
[Result "0-1"]
[WhiteElo "1732"]
[BlackElo "2089"]
[PlyCount "70"]
[EventDate "2016.10.31"]
[EventType "swiss"]
[EventRounds "5"]
[EventCountry "CAN"]

1. Nf3 d5 2. d4 e6 3. e3 c5 4. b3 Nc6 5. Bb2 Nf6 6. Bd3 Be7 7. dxc5 Bxc5 8. O-O
O-O 9. Nbd2 Re8 10. c4 e5 11. cxd5 Nxd5 12. Qb1 g6 13. a3 Bf8 14. Rd1 Qe7 15.
Bc4 Nb6 16. e4 Bg4 17. Qd3 Rad8 18. Qe3 Nd4 19. Rac1 Nxf3+ 20. Nxf3 Rxd1+ 21.
Rxd1 Nxc4 22. bxc4 b6 23. h3 Bxf3 24. Qxf3 Rc8 25. Qd3 f6 26. Qd5+ Qf7 27.
Qxf7+ Kxf7 28. Rd7+ Ke6 29. Rxa7 Rxc4 30. Kh2 Rc2 31. Ba1 Ra2 32. Bc3 Rxa3 33.
Rb7 Rxc3 34. Rxb6+ Bd6 35. Rb7 Rc7 0-1

[Event "Millenium"]
[Site "Quebec CAN"]
[Date "2016.11.07"]
[Round "2"]
[White "Bluteau, Yvon"]
[Black "Lessard, Claude"]
[Result "0-1"]
[WhiteElo "1904"]
[BlackElo "2132"]
[PlyCount "74"]
[EventDate "2016.10.31"]
[EventType "swiss"]
[EventRounds "5"]
[EventCountry "CAN"]

1. e4 c6 2. Nf3 d5 3. exd5 cxd5 4. d4 Nf6 5. Bd3 Bg4 6. h3 Bxf3 7. Qxf3 Qb6 8.
Nc3 e6 9. O-O Nc6 10. Bb5 Rc8 11. Re1 Be7 12. Be3 a6 13. Bxc6+ Rxc6 14. Na4 Qb4
15. Nc5 Qxb2 16. Nd3 Qa3 17. Qg3 O-O 18. Bh6 Ne8 19. Re3 Bf6 20. Ne5 Qb2 21.
Rf1 Bxe5 22. dxe5 Qxc2 23. Rd3 Qxa2 24. Qg5 Rc7 25. Rg3 f6 26. exf6 Rxf6 27.
Qe5 Rxh6 28. Re1 Rf7 29. Re2 Qb1+ 30. Kh2 Qb6 31. Rb2 Qd6 32. Qe3 Rg6 33. Rb6
Rxg3 34. fxg3 d4 35. Qb3 Qd5 36. Qa4 Qd7 37. Qb3 d3 0-1

[Event "Millenium"]
[Site "Quebec CAN"]
[Date "2016.11.07"]
[Round "2"]
[White "Cossette, Daniel"]
[Black "Boulianne, Gabriel"]
[Result "1/2-1/2"]
[WhiteElo "2089"]
[BlackElo "1862"]
[PlyCount "52"]
[EventDate "2016.10.31"]
[EventType "swiss"]
[EventRounds "5"]
[EventCountry "CAN"]

1. e4 e5 2. Nf3 Nf6 3. Nxe5 d6 4. Nf3 Nxe4 5. Nc3 Nxc3 6. dxc3 Be7 7. Bd3 O-O
8. Be3 Bf6 9. Qd2 a5 10. h3 Nc6 11. g4 Be6 12. g5 Be5 13. Nh4 d5 14. f4 d4 15.
Bf2 dxc3 16. bxc3 Qd5 17. Rg1 Rfe8 18. fxe5 Nxe5 19. Be2 Qc6 20. Bd4 Bc4 21.
Kd1 Qb5 22. Bd3 Nxd3 23. cxd3 Bxd3 24. Rg3 Qa4+ 25. Kc1 Qa3+ 26. Kd1 Qa4+
1/2-1/2

[Event "Millenium"]
[Site "Quebec CAN"]
[Date "2016.11.07"]
[Round "2"]
[White "Glode, Martin"]
[Black "Lapierre, Gaetan"]
[Result "1-0"]
[WhiteElo "1872"]
[BlackElo "1984"]
[PlyCount "43"]
[EventDate "2016.10.31"]
[EventType "swiss"]
[EventRounds "5"]
[EventCountry "CAN"]

1. e4 d6 2. d4 Nf6 3. Bd3 g6 4. c3 Bg7 5. Nf3 O-O 6. O-O Na6 7. Qe2 c5 8. e5
Ne8 9. Bxa6 bxa6 10. dxc5 dxc5 11. Rd1 Qc7 12. Na3 Bb7 13. Nc4 Rc8 14. Bf4 f6
15. exf6 Qxf4 16. fxg7 Nxg7 17. Nfe5 Nh5 18. Rd7 Ba8 19. f3 Nf6 20. Rxa7 Bd5
21. b3 e6 22. Nb6 1-0

[Event "Millenium"]
[Site "Quebec CAN"]
[Date "2016.11.07"]
[Round "2"]
[White "Jean, Martin"]
[Black "Beauchesne, Jonathan"]
[Result "0-1"]
[WhiteElo "1592"]
[BlackElo "1840"]
[PlyCount "106"]
[EventDate "2016.10.31"]
[EventType "swiss"]
[EventRounds "5"]
[EventCountry "CAN"]

1. c4 Nf6 2. Nc3 g6 3. g3 Bg7 4. Bg2 O-O 5. Nf3 d6 6. O-O e5 7. d3 Re8 8. Nd2
a5 9. Nde4 Nxe4 10. Nxe4 h6 11. Bd2 f5 12. Nc3 c6 13. Qb3 Kh7 14. Na4 Nd7 15.
Be3 Qe7 16. Nb6 Nxb6 17. Bxb6 e4 18. Be3 Qe6 19. Qc2 d5 20. cxd5 cxd5 21. d4
Bd7 22. Qd2 Rec8 23. Rac1 Qb6 24. b3 Qa6 25. f3 Bb5 26. fxe4 dxe4 27. Rfe1 b6
28. Bf4 Rxc1 29. Rxc1 Rc8 30. e3 Qb7 31. d5 g5 32. Rxc8 Qxc8 33. Bd6 Qd7 34.
Ba3 Bd3 35. d6 Be5 36. Qf2 Kg6 37. h3 Bxd6 38. Bxd6 Qxd6 39. g4 Qc5 40. gxf5+
Qxf5 41. Qb2 Qc5 42. Qd4 Qxd4 43. exd4 e3 44. Bd5 Kf5 45. Bc4 Bb1 46. a4 Ke4
47. Kf1 Kxd4 48. Ke1 Bd3 49. Be6 Kc3 50. Bd5 Bc2 51. Ke2 Bxb3 52. Bxb3 Kxb3 53.
Kxe3 Kxa4 0-1

[Event "Millenium"]
[Site "Quebec CAN"]
[Date "2016.11.07"]
[Round "2"]
[White "Tremblay, Rejean"]
[Black "Fecteau, Martin"]
[Result "1-0"]
[WhiteElo "2240"]
[BlackElo "1880"]
[PlyCount "91"]
[EventDate "2016.10.31"]
[EventType "swiss"]
[EventRounds "5"]
[EventCountry "CAN"]

1. Nf3 c5 2. e4 d6 3. d4 cxd4 4. Nxd4 Nf6 5. Nc3 a6 6. Bg5 Nbd7 7. Bc4 g6 8. f3
Bg7 9. Qd2 Qc7 10. Bb3 b5 11. O-O-O Bb7 12. Nd5 Nxd5 13. exd5 Nf6 14. Rhe1 O-O
15. Bh6 Rfe8 16. Bxg7 Kxg7 17. Qg5 Qd7 18. Ne2 h6 19. Qd2 Rac8 20. Kb1 Rc5 21.
Nc3 Kh7 22. Ne4 Nxe4 23. Rxe4 f6 24. Re6 Qd8 25. h4 Bc8 26. Re3 a5 27. c3 Bf5+
28. Bc2 Bxc2+ 29. Qxc2 Kg7 30. h5 gxh5 31. Qf5 Rg8 32. Rde1 Rc7 33. Qxh5 Qe8
34. Qh4 Qg6+ 35. Ka1 Kf8 36. g4 Qg5 37. Qh2 Kf7 38. Qe2 Qxd5 39. Rxe7+ Rxe7 40.
Qxe7+ Kg6 41. f4 Rg7 42. f5+ Kh7 43. Qxf6 Qd2 44. Qe6 Rxg4 45. f6 Rg2 46. Qf7+
1-0

[Event "Millenium"]
[Site "Quebec CAN"]
[Date "2016.11.07"]
[Round "2"]
[White "Tremblay-Alix, Eric"]
[Black "Potvin, Alain-Nicolas"]
[Result "1-0"]
[WhiteElo "1818"]
[BlackElo "1764"]
[PlyCount "97"]
[EventDate "2016.10.31"]
[EventType "swiss"]
[EventRounds "5"]
[EventCountry "CAN"]

1. f4 g6 2. Nf3 Bg7 3. e4 c6 4. d4 d6 5. Be2 Nf6 6. Nc3 Qb6 7. O-O O-O 8. Kh1
Na6 9. b3 c5 10. e5 Ng4 11. Nd5 Qd8 12. h3 Nh6 13. dxc5 Nxc5 14. Bb2 Nf5 15.
Re1 Ne4 16. Kh2 Be6 17. Bc4 Neg3 18. Nd4 Bxd5 19. Nxf5 Nxf5 20. Bxd5 Qb6 21.
Qf3 Rab8 22. Rad1 Rfc8 23. c4 e6 24. Be4 dxe5 25. fxe5 Rd8 26. Rxd8+ Rxd8 27.
Rd1 Rxd1 28. Qxd1 Qf2 29. Bxf5 Qxf5 30. Qd8+ Bf8 31. Qd4 b6 32. a3 Bc5 33. Qd8+
Kg7 34. Qf6+ Qxf6 35. exf6+ Kh6 36. h4 Kh5 37. Kh3 g5 38. g4+ Kg6 39. h5+ Kh6
40. Kg3 Bd6+ 41. Kf3 Bf4 42. Ke4 Bd6 43. b4 a5 44. Bd4 axb4 45. axb4 Bxb4 46.
Bxb6 Ba3 47. Bd4 Bd6 48. c5 Bc7 49. c6 1-0

[Event "Millenium"]
[Site "Quebec CAN"]
[Date "2016.11.14"]
[Round "3"]
[White "Beauchesne, Jonathan"]
[Black "Bluteau, Yvon"]
[Result "1/2-1/2"]
[WhiteElo "1840"]
[BlackElo "1904"]
[PlyCount "47"]
[EventDate "2016.10.31"]
[EventType "swiss"]
[EventRounds "5"]
[EventCountry "CAN"]

1. Nf3 b6 2. e4 Bb7 3. d3 d5 4. Nbd2 dxe4 5. Nxe4 Nf6 6. Nxf6+ exf6 7. d4 Bd6
8. Bd3 Qe7+ 9. Be3 Nc6 10. c3 O-O 11. O-O Qd7 12. Qc2 h6 13. Bf5 Qd8 14. Nh4 g5
15. Qe2 Ne7 16. Qh5 Nxf5 17. Nxf5 Be4 18. Nxh6+ Kg7 19. f4 Bg6 20. Qh3 Rh8 21.
Nf5+ Kg8 22. Nh6+ Kg7 23. Nf5+ Kg8 24. Nh6+ 1/2-1/2

[Event "Millenium"]
[Site "Quebec CAN"]
[Date "2016.11.14"]
[Round "3"]
[White "Boulianne, Gabriel"]
[Black "Glode, Martin"]
[Result "0-1"]
[WhiteElo "1862"]
[BlackElo "1872"]
[PlyCount "64"]
[EventDate "2016.10.31"]
[EventType "swiss"]
[EventRounds "5"]
[EventCountry "CAN"]

1. d4 d5 2. c4 e6 3. Nf3 c6 4. g3 f5 5. Bg2 Nf6 6. O-O Bd6 7. c5 Bc7 8. Bg5
Nbd7 9. e3 O-O 10. Nc3 h6 11. Bf4 b6 12. Bxc7 Qxc7 13. b4 Ne4 14. Qc2 bxc5 15.
bxc5 Ba6 16. Rfb1 Qa5 17. Nxe4 fxe4 18. Nd2 Bd3 19. Qc1 Bxb1 20. Rxb1 Rab8 21.
Rxb8 Rxb8 22. Qc2 Qb4 23. Bh3 Nf8 24. Nxe4 Qe1+ 25. Kg2 Rb1 26. Bxe6+ Nxe6 27.
Nf6+ gxf6 28. Qg6+ Ng7 29. Qxf6 Qf1+ 30. Kf3 Rb2 31. Qxc6 Qxf2+ 32. Kg4 Qf5+
0-1

[Event "Millenium"]
[Site "Quebec CAN"]
[Date "2016.11.14"]
[Round "3"]
[White "Tremblay-Alix, Eric"]
[Black "Cossette, Daniel"]
[Result "0-1"]
[WhiteElo "1818"]
[BlackElo "2089"]
[PlyCount "90"]
[EventDate "2016.10.31"]
[EventType "swiss"]
[EventRounds "5"]
[EventCountry "CAN"]

1. Nf3 d5 2. c4 e6 3. g3 c5 4. Bg2 Nc6 5. O-O Nf6 6. d3 Be7 7. a3 O-O 8. e3 b6
9. Nc3 Bb7 10. cxd5 Nxd5 11. Qe2 Bf6 12. Ne4 Rc8 13. Rd1 Na5 14. Nfd2 Be7 15.
b3 f5 16. Bb2 fxe4 17. Qg4 Bf6 18. Qxe6+ Kh8 19. d4 Nc7 20. Qh3 Bd5 21. b4 cxb4
22. axb4 Nc6 23. Nxe4 Qe7 24. Nxf6 Qxf6 25. Rd2 Bxg2 26. Qxg2 Nxb4 27. d5 Qd6
28. e4 a5 29. e5 Qg6 30. d6 Ne6 31. Ba3 Nc2 32. d7 Nxa1 33. dxc8=Q Rxc8 34. Qb7
Qe8 35. Rd7 Rd8 36. Re7 Qg6 37. Bd6 Re8 38. Qxb6 Nc2 39. Qc6 Rxe7 40. Bxe7 h6
41. Qa8+ Kh7 42. Qxa5 Ncd4 43. Qa1 Qe4 44. Qd1 Ne2+ 45. Kf1 N6d4 0-1

[Event "Millenium"]
[Site "Quebec CAN"]
[Date "2016.11.21"]
[Round "4"]
[White "Bahadi, Khalid"]
[Black "Beauchesne, Jonathan"]
[Result "0-1"]
[WhiteElo "1884"]
[BlackElo "1840"]
[PlyCount "86"]
[EventDate "2016.10.31"]
[EventType "swiss"]
[EventRounds "5"]
[EventCountry "CAN"]

1. d4 Nf6 2. c4 g6 3. Nc3 Bg7 4. e4 d6 5. f4 O-O 6. Nf3 c5 7. d5 e6 8. e5 dxe5
9. fxe5 Ng4 10. Bf4 exd5 11. h3 Nxe5 12. Nxd5 Nbc6 13. Be2 Nxf3+ 14. Bxf3 Ne5
15. Qb3 Nxf3+ 16. Qxf3 Re8+ 17. Kf2 Be5 18. Rhe1 Bxb2 19. Rxe8+ Qxe8 20. Re1
Bd4+ 21. Kf1 Be6 22. g4 Qa4 23. Ne7+ Kg7 24. h4 Bxc4+ 25. Kg2 Qxa2+ 26. Kg3 Qb3
27. Be3 Rd8 28. h5 Bxe3 29. Rxe3 Qxe3 30. Qxe3 Rd3 31. Nd5 Rxe3+ 32. Nxe3 Bd3
33. hxg6 hxg6 34. Kf4 b5 35. Ke5 c4 36. Nd5 g5 37. Kd4 Be2 38. Ne3 b4 39. Nf5+
Kg6 40. Ne7+ Kh7 41. Nc6 b3 42. Kc3 a6 43. Nd4 Bxg4 0-1

[Event "Millenium"]
[Site "Quebec CAN"]
[Date "2016.11.21"]
[Round "4"]
[White "Bluteau, Yvon"]
[Black "HalHal, Sami"]
[Result "0-1"]
[WhiteElo "1904"]
[BlackElo "1808"]
[PlyCount "42"]
[EventDate "2016.10.31"]
[EventType "swiss"]
[EventRounds "5"]
[EventCountry "CAN"]

1. d4 Nf6 2. c4 g6 3. Nc3 Bg7 4. e4 d6 5. Be2 O-O 6. h4 h5 7. Bg5 Nc6 8. Qd2
Nh7 9. Be3 e5 10. d5 Ne7 11. O-O-O f5 12. f3 f4 13. Bf2 Nf6 14. Nh3 a6 15. Rdg1
c6 16. Ng5 cxd5 17. exd5 b5 18. Nce4 bxc4 19. Nxf6+ Rxf6 20. Bxc4 Qc7 21. Kb1
Qxc4 0-1

[Event "Millenium"]
[Site "Quebec CAN"]
[Date "2016.11.21"]
[Round "4"]
[White "Boulianne, Gabriel"]
[Black "Tremblay-Alix, Eric"]
[Result "1/2-1/2"]
[WhiteElo "1862"]
[BlackElo "1818"]
[PlyCount "95"]
[EventDate "2016.10.31"]
[EventType "swiss"]
[EventRounds "5"]
[EventCountry "CAN"]

1. d4 d6 2. e4 Nf6 3. f3 Nbd7 4. Be3 e5 5. Bc4 Be7 6. Ne2 c6 7. a4 Nb6 8. Bb3
a5 9. Nbc3 Qc7 10. Qd2 O-O 11. g4 Be6 12. Ng3 Rfd8 13. Qf2 Nc4 14. Bxc4 Bxc4
15. dxe5 Nd7 16. Nf5 Bf8 17. b3 Ba6 18. Nxd6 Bxd6 19. exd6 Qxd6 20. Rd1 Qf6 21.
Ne2 Ne5 22. Rxd8+ Rxd8 23. O-O Nxf3+ 24. Qxf3 Qxf3 25. Rxf3 Bxe2 26. Rg3 Re8
27. h3 Rxe4 28. Bb6 f6 29. Bxa5 b5 30. axb5 cxb5 31. b4 Bc4 32. c3 Re1+ 33. Kf2
Re2+ 34. Kg1 Kf7 35. Bb6 Ke6 36. Re3+ Rxe3 37. Bxe3 Ke5 38. Kf2 Ke4 39. Bd4 Kf4
40. Be3+ Ke5 41. Bd4+ Ke6 42. Kg3 g6 43. h4 Be2 44. Kf4 h6 45. g5 fxg5+ 46.
hxg5 h5 47. Kg3 Kf5 48. Kh4 1/2-1/2

[Event "Millenium"]
[Site "Quebec CAN"]
[Date "2016.11.21"]
[Round "4"]
[White "Cossette, Daniel"]
[Black "Laflamme, Simon"]
[Result "1-0"]
[WhiteElo "2089"]
[BlackElo "1823"]
[PlyCount "65"]
[EventDate "2016.10.31"]
[EventType "swiss"]
[EventRounds "5"]
[EventCountry "CAN"]

1. e4 c6 2. d4 d5 3. exd5 cxd5 4. c4 Nf6 5. Nc3 Nc6 6. Bg5 e6 7. c5 Be7 8. Nf3
O-O 9. Bb5 Ne4 10. Bxe7 Qxe7 11. O-O Nxc3 12. bxc3 Bd7 13. Re1 b6 14. cxb6 axb6
15. a4 Na5 16. Rb1 Nc4 17. Bxc4 dxc4 18. Rxb6 Bxa4 19. Qe2 Qc7 20. Rb4 Bb3 21.
Qe3 Rfb8 22. Rxb8+ Qxb8 23. Qe4 Ra5 24. Ne5 Qa8 25. Qe3 Qd5 26. Qf4 Qb7 27. h4
Ra2 28. d5 exd5 29. Nxf7 Ra8 30. Ng5 Bc2 31. Qd6 h6 32. Qe6+ Kh8 33. Qe8+ 1-0

[Event "Millenium"]
[Site "Quebec CAN"]
[Date "2016.11.21"]
[Round "4"]
[White "Glode, Martin"]
[Black "Lessard, Claude"]
[Result "0-1"]
[WhiteElo "1872"]
[BlackElo "2132"]
[PlyCount "100"]
[EventDate "2016.10.31"]
[EventType "swiss"]
[EventRounds "5"]
[EventCountry "CAN"]

1. e4 d6 2. d4 Nf6 3. Bd3 g6 4. Nf3 Bg7 5. c3 O-O 6. O-O Na6 7. Qe2 c5 8. e5
Nd5 9. Rd1 cxd4 10. cxd4 Nab4 11. Bc4 Nb6 12. Bb3 a5 13. a3 N4d5 14. Nc3 Nxc3
15. bxc3 d5 16. Bf4 Bf5 17. Rdc1 a4 18. Ba2 Qd7 19. Nh4 Be6 20. Rab1 Nc4 21.
Bxc4 dxc4 22. Nf3 b5 23. Qe3 Bd5 24. Ne1 f6 25. Nc2 g5 26. Bg3 h5 27. h3 Qb7
28. f3 g4 29. hxg4 hxg4 30. Nb4 fxe5 31. Nxd5 Qxd5 32. Bxe5 gxf3 33. Rf1 fxg2
34. Rxf8+ Rxf8 35. Qg3 Rf7 36. Qxg2 Qd7 37. Qa8+ Rf8 38. Qg2 Rf7 39. Qa8+ Bf8
40. Qg2+ Kh7 41. Qh2+ Bh6 42. Rb2 Qf5 43. Qg2 Be3+ 44. Kh2 Qh5+ 45. Qh3 Rf2+
46. Rxf2 Qxh3+ 47. Kxh3 Bxf2 48. Bc7 Be3 49. Kg4 b4 50. cxb4 c3 0-1

[Event "Millenium"]
[Site "Quebec CAN"]
[Date "2016.11.28"]
[Round "5"]
[White "Beauchesne, Jonathan"]
[Black "Glode, Martin"]
[Result "0-1"]
[WhiteElo "1840"]
[BlackElo "1872"]
[PlyCount "76"]
[EventDate "2016.10.31"]
[EventType "swiss"]
[EventRounds "5"]
[EventCountry "CAN"]

1. e4 Nf6 2. e5 Nd5 3. g3 c6 4. Bg2 d6 5. exd6 Qxd6 6. d4 g6 7. c3 Bg7 8. Qe2
O-O 9. Nf3 Bf5 10. O-O Nd7 11. Nbd2 e5 12. Nc4 Qe6 13. dxe5 Bg4 14. Re1 Rae8
15. Nd6 Bxf3 16. Bxf3 Nxe5 17. Bxd5 Qxd5 18. Ne4 f5 19. Nd2 Nf3+ 20. Qxf3 Rxe1+
21. Kg2 Qxf3+ 22. Kxf3 Rd8 23. Nb3 Rdd1 24. a4 c5 25. c4 Rd3+ 26. Be3 Rxa1 27.
Nxa1 Bxb2 28. Nc2 Rc3 29. Ne1 Rxc4 30. Nd3 Bd4 31. a5 b6 32. axb6 axb6 33. h3
b5 34. Nf4 Kf7 35. Nd5 b4 36. Nb6 Rc3 37. Na4 Ra3 38. Nxc5 Bxc5 0-1

[Event "Millenium"]
[Site "Quebec CAN"]
[Date "2016.11.28"]
[Round "5"]
[White "Bluteau, Yvon"]
[Black "Fecteau, Martin"]
[Result "0-1"]
[WhiteElo "1904"]
[BlackElo "1880"]
[PlyCount "132"]
[EventDate "2016.10.31"]
[EventType "swiss"]
[EventRounds "5"]
[EventCountry "CAN"]

1. Nf3 d5 2. c4 c6 3. e3 Nf6 4. d4 a6 5. Qc2 e6 6. Nbd2 Nbd7 7. b3 Bd6 8. Bb2
O-O 9. Bd3 Re8 10. Ne5 Nf8 11. O-O Qe7 12. f4 N6d7 13. Rf3 f5 14. Kh1 Nf6 15.
Rg1 Ne4 16. Bxe4 fxe4 17. Rh3 Bd7 18. g4 Red8 19. g5 Be8 20. Nf1 Bg6 21. Ng3
Bf5 22. Rh5 Qe8 23. Qe2 Ng6 24. Nxf5 exf5 25. Rg3 Nf8 26. Rgh3 Bxe5 27. dxe5
Qe6 28. c5 g6 29. Rh6 Rd7 30. Rg3 a5 31. h4 a4 32. b4 a3 33. Bc3 Rg7 34. Qh2
Rd8 35. Rg1 Rf7 36. Rb1 Ra8 37. Qe2 Qd7 38. Kg2 Ne6 39. Rd1 Rg7 40. Kg3 Rb8 41.
h5 b6 42. hxg6 hxg6 43. Rdh1 Kf7 44. Rh8 Rxh8 45. Rxh8 bxc5 46. bxc5 Qb7 47.
Qc2 Qb5 48. Qb3 Qxb3 49. axb3 Rg8 50. Rxg8 Kxg8 51. b4 Kf7 52. Kf2 Nc7 53. Ke2
Nb5 54. Ba1 Ke6 55. Kd2 Kd7 56. Kc2 Ke6 57. Kb3 d4 58. exd4 Kd5 59. e6 Kxe6 60.
Kc4 Nc7 61. Kb3 Kd5 62. Bc3 Nb5 63. Bd2 Nxd4+ 64. Kxa3 e3 65. Bc1 e2 66. Bd2
Kc4 0-1

[Event "Millenium"]
[Site "Quebec CAN"]
[Date "2016.11.28"]
[Round "5"]
[White "HalHal, Sami"]
[Black "Boulianne, Gabriel"]
[Result "1-0"]
[WhiteElo "1808"]
[BlackElo "1862"]
[PlyCount "44"]
[EventDate "2016.10.31"]
[EventType "swiss"]
[EventRounds "5"]
[EventCountry "CAN"]

1. d4 Nf6 2. Nc3 d5 3. e4 dxe4 4. f3 exf3 5. Nxf3 e6 6. Bd3 c5 7. Be3 Nbd7 8.
O-O Be7 9. Qe1 a6 10. Rd1 Qc7 11. Bg5 cxd4 12. Ne4 O-O 13. Nxf6+ Bxf6 14. Qh4
h6 15. Qe4 g6 16. Bxh6 Re8 17. Ng5 Nc5 18. Qh4 Qe5 19. Rxf6 Qxf6 20. Rf1 Qe5
21. Rxf7 Qe3+ 22. Kh1 Qe1+ 1-0

[Event "Millenium"]
[Site "Quebec CAN"]
[Date "2016.11.28"]
[Round "5"]
[White "Lapointe, Daniel"]
[Black "Tremblay-Alix, Eric"]
[Result "0-1"]
[WhiteElo "1616"]
[BlackElo "1818"]
[PlyCount "54"]
[EventDate "2016.10.31"]
[EventType "swiss"]
[EventRounds "5"]
[EventCountry "CAN"]

1. d4 d6 2. c4 Nf6 3. Nc3 g6 4. e4 Bg7 5. Be2 O-O 6. Be3 b6 7. f4 Bb7 8. Bf3 e5
9. dxe5 dxe5 10. f5 Nc6 11. Nge2 Qc8 12. fxg6 hxg6 13. a3 Ng4 14. Bxg4 Qxg4 15.
O-O Na5 16. Qc2 Nxc4 17. Bf2 Rad8 18. Rad1 Bh6 19. Nd5 Bxd5 20. Rxd5 Rxd5 21.
exd5 Nd2 22. Nc3 Nxf1 23. Kxf1 Rd8 24. Ne4 Kg7 25. h3 Qf4 26. Kg1 Rxd5 27. Nc3
Rd2 0-1

[Event "Millenium"]
[Site "Quebec CAN"]
[Date "2016.11.28"]
[Round "5"]
[White "Lessard, Claude"]
[Black "Cossette, Daniel"]
[Result "1-0"]
[WhiteElo "2119"]
[BlackElo "2089"]
[PlyCount "65"]
[EventDate "2016.10.31"]
[EventType "swiss"]
[EventRounds "5"]
[EventCountry "CAN"]

1. e4 c5 2. Nf3 Nc6 3. d4 cxd4 4. Nxd4 g6 5. Nxc6 bxc6 6. Bc4 Bg7 7. Qf3 Nf6 8.
Nc3 O-O 9. O-O d6 10. Bb3 Qc7 11. h3 Rb8 12. Be3 Be6 13. Qe2 c5 14. Bxe6 fxe6
15. Rab1 c4 16. Rfd1 Rb7 17. a4 a6 18. a5 Qc6 19. Bd4 e5 20. Bb6 e6 21. b4 d5
22. exd5 Nxd5 23. Ne4 Rf4 24. g3 Rf5 25. c3 Bf8 26. Rbc1 Nxb6 27. axb6 Rxb6 28.
Rd8 Kg7 29. Rcd1 Rb7 30. g4 Rf4 31. Nc5 Rbf7 32. Qxe5+ Kh6 33. Nxe6 1-0

[Event "Montcalm 1 2016-17"]
[Site "Quebec CAN"]
[Date "2016.09.08"]
[Round "1"]
[White "Betancourt, Juan-Mauricio"]
[Black "Cummins, Paul"]
[Result "1/2-1/2"]
[WhiteElo "1938"]
[BlackElo "1732"]
[PlyCount "111"]
[EventDate "2016.09.08"]
[EventType "swiss"]
[EventRounds "5"]
[EventCountry "CAN"]

1. Nf3 Nf6 2. c4 e6 3. g3 d5 4. Bg2 Nc6 5. b3 dxc4 6. bxc4 Be7 7. O-O O-O 8.
Nc3 e5 9. d3 Be6 10. Rb1 Rb8 11. h3 Nd7 12. Be3 f5 13. Qc1 Nf6 14. Rd1 Qc8 15.
Ng5 Bd7 16. Nd5 Re8 17. Nxf6+ gxf6 18. Nf3 b6 19. Kh2 Nd8 20. d4 e4 21. Nd2 Ba4
22. Nb3 Nf7 23. Qc3 Qa6 24. f3 Nd6 25. c5 Qc4 26. Qd2 bxc5 27. dxc5 Nf7 28.
Rdc1 Qe6 29. Nd4 Qd5 30. Rxb8 Rxb8 31. Qc3 Ne5 32. Nxf5 Nxf3+ 33. exf3 Qxf5 34.
fxe4 Qe6 35. Qc4 Bd7 36. Qxe6+ Bxe6 37. Rc2 Rb5 38. c6 Bd6 39. Bxa7 Ra5 40. Bd4
Kg7 41. Rf2 Be5 42. Bxe5 fxe5 43. Rd2 Rxa2 44. Rxa2 Bxa2 45. Kg1 Bf7 46. Bf1
Bg6 47. Ba6 Be8 48. Bb5 Bg6 49. Kf2 Bxe4 50. Ke3 Bg2 51. h4 h6 52. Kf2 Bd5 53.
Ke3 Kf6 54. Ba4 Ke6 55. Bb5 Kf5 56. Ba4 1/2-1/2

[Event "Montcalm 1 2016-17"]
[Site "Quebec CAN"]
[Date "2016.09.08"]
[Round "1"]
[White "Dube, Dominic"]
[Black "Cournoyer, Dominic"]
[Result "0-1"]
[WhiteElo "1750"]
[BlackElo "1947"]
[PlyCount "140"]
[EventDate "2016.09.08"]
[EventType "swiss"]
[EventRounds "5"]
[EventCountry "CAN"]

1. e4 d5 2. exd5 Nf6 3. d4 Nxd5 4. Bc4 g6 5. Ne2 Bg7 6. c3 O-O 7. O-O b6 8. Nf4
Nxf4 9. Bxf4 Bb7 10. Nd2 Nd7 11. Re1 e6 12. a4 Re8 13. Nb3 Qf6 14. Qg4 h5 15.
Qg5 e5 16. Qxf6 Bxf6 17. Be3 exd4 18. Nxd4 Ne5 19. Be2 c5 20. Nb5 Red8 21. Red1
a5 22. Rd6 Rxd6 23. Nxd6 Bd5 24. Bb5 Ng4 25. Bf4 g5 26. Bg3 h4 27. Bd7 Nh6 28.
Ne8 Rxe8 29. Bxe8 hxg3 30. fxg3 Kf8 31. Bb5 Ke7 32. Re1+ Be6 33. Re2 Ng4 34.
Re4 Ne5 35. c4 Nd3 36. b3 Nc1 37. h4 Nxb3 38. h5 Nd4 39. Ba6 Kd7 40. g4 Nc6 41.
Bb5 Kd6 42. Kh2 Ne5 43. Kh3 Nd3 44. Kg3 Bg7 45. Re2 Nf4 46. Re4 Bc3 47. Re3 Bd4
48. Re1 Nd3 49. Rf1 Ne5 50. h6 Nxg4 51. Rh1 Ne3 52. Rh5 Be5+ 53. Kf2 Ng4+ 54.
Kf3 Bf6 55. h7 Ne5+ 56. Ke4 Ng6 57. Rh1 g4 58. Rf1 Bg7 59. Be8 f5+ 60. Kd3 Ne5+
61. Kc2 Nxc4 62. Rf4 Ne3+ 63. Kd3 Nxg2 64. Rf2 Ne1+ 65. Ke2 Nc2 66. Kd3 Nb4+
67. Kd2 Nd5 68. Rh2 g3 69. h8=Q Bxh8 70. Rxh8 g2 0-1

[Event "Montcalm 1 2016-17"]
[Site "Quebec CAN"]
[Date "2016.09.08"]
[Round "1"]
[White "Lacerte, Kevin"]
[Black "Abran, David"]
[Result "0-1"]
[WhiteElo "1597"]
[BlackElo "1888"]
[PlyCount "60"]
[EventDate "2016.09.08"]
[EventType "swiss"]
[EventRounds "5"]
[EventCountry "CAN"]

1. e4 c5 2. Nf3 d6 3. d4 cxd4 4. Nxd4 Nf6 5. Nc3 a6 6. Bc4 e6 7. Bb3 Be7 8. O-O
Bd7 9. Be3 Nc6 10. f4 Nxd4 11. Bxd4 Bc6 12. Qf3 Qc7 13. Qg3 O-O 14. Rae1 Ne8
15. f5 e5 16. Be3 Qd8 17. Re2 Rc8 18. Bd5 Kh8 19. Rd1 Nf6 20. Bf2 g6 21. fxg6
fxg6 22. Be6 Nh5 23. Qg4 Nf4 24. Red2 h5 25. Qg3 Nxe6 26. Qxg6 Nf4 27. Qh6+ Kg8
28. Rxd6 Bxd6 29. Rxd6 Qe7 30. Bc5 Qg7 0-1